Online Catalogue and eLibrary

Where women are leaders : (Record no. 126)

MARC details
000 -LEADER
fixed length control field 00565nam a2200205 a 4500
001 - CONTROL NUMBER
control field 1103436
005 - DATE AND TIME OF LATEST TRANSACTION
control field 20231204020045.0
008 - FIXED-LENGTH DATA ELEMENTS--GENERAL INFORMATION
fixed length control field 930108s1992 ii a 001 0 eng
020 ## - INTERNATIONAL STANDARD BOOK NUMBER
ISBN 8170362997 :
020 ## - INTERNATIONAL STANDARD BOOK NUMBER
ISBN 8170363004 (pbk.)
040 ## - CATALOGING SOURCE (பட்டியலாக்க மூலம்)
Original cataloging agency DLC
Transcribing agency DLC
Modifying agency DLC
082 ## - DDC Classification
DDC Edition Number 22
Class No. 305.4,
Item Number - Author Mark KAL.
100 1# - MAIN ENTRY--PERSONAL NAME
Personal name Rose, Kalima.
245 10 - TITLE STATEMENT
Title Where women are leaders :
Remainder of title the Sewa movement in India /
Statement of responsibility, etc. Kalima Rose.
260 ## - PUBLICATION, DISTRIBUTION, ETC.
Place of publication, distribution, etc. New Delhi :
Name of publisher, distributor, etc. Vistaar Publications,
Date of publication, distribution, etc. 1992.
300 ## - PHYSICAL DESCRIPTION
Extent (e.g. Volumes, Pages etc.) 286 p. :
500 ## - GENERAL NOTE
General note Includes index.
650 #0 - SUBJECT ADDED ENTRY--TOPICAL TERM
Topical term or geographic name entry element Self-employed women
942 ## - Koha item type (Biblio)
Koha item type Books in Stacks (Lending)
Holdings
Lost status Damaged status Collection code Home library Current library Date acquired Full call number Accession Number Item type
    Lending WERC Library WERC Library 12/04/2023 305.4, KAL. 3436 Books in Stacks (Lending)

© WERC Library